| 000 | 00326nam a22001097a 4500 | ||
|---|---|---|---|
| 040 | _cSCME | ||
| 100 |
_a Z.H.Zaidi _9108607 |
||
| 245 | _aJinnah Papers The States : Historical and Policy Perspectives and Accession to Pakistan | ||
| 260 |
_aslamabad _b Quaid e azam paper project _c 1996 |
||
| 300 | _a 654p | ||
| 942 |
_2ddc _cBK |
||
| 999 |
_c609127 _d609127 |
||